[Event "9. Griesheimer Schachtage 2013"]
[Site "?"]
[Date "2013.??.??"]
[Round "3.11"]
[White "Pabel, Ralph"]
[Black "Renger, Juergen"]
[Result "0-1"]
[WhiteElo "1927"]
[BlackElo "1618"]
[PlyCount "61"]

1. d4 Nf6 2. c4 e6 3. a3 b6 4. Nc3 Bb7 5. d5 exd5 6. cxd5 d6 7. e4 Nbd7 8. Bg5
Be7 9. Be3 O-O 10. f3 c6 11. dxc6 Bxc6 12. Nge2 Ne5 13. Nf4 Qd7 14. Qb3 g5 15.
Nfd5 h6 16. h4 g4 17. Bxh6 Rfe8 18. f4 Ng6 19. O-O-O Bd8 20. h5 Nh8 21. Nxf6+
Bxf6 22. e5 Be7 23. exd6 Bxd6 24. Nd5 Qf5 25. Qc3 Bxf4+ 26. Nxf4 Re5 27. b4 Rc8
28. Ba6 Bb7 29. Rd8+ Rxd8 30. Bxb7 Qf6 31. Kb2 0-1

[Event "9. Griesheimer Schachtage 2013"]
[Site "?"]
[Date "2013.??.??"]
[Round "3.13"]
[White "Winter, Thomas"]
[Black "Dr. Launert, Martin"]
[Result "0-1"]
[WhiteElo "1093"]
[BlackElo "1887"]
[PlyCount "90"]

1. e4 e5 2. Nf3 Nc6 3. Bb5 a6 4. Ba4 Nf6 5. Qe2 b5 6. Bb3 Be7 7. O-O O-O 8. Rd1
d6 9. h3 Na5 10. c3 c5 11. Bc2 Qc7 12. d4 cxd4 13. cxd4 Bb7 14. b3 Rac8 15. Rd2
Rfe8 16. Bb2 Nc6 17. d5 Nb8 18. Nc3 Nbd7 19. b4 Nf8 20. Rc1 Qd7 21. Nd1 Ng6 22.
Kh2 Rc4 23. a3 Nf4 24. Qf1 Nxe4 25. Bxe4 Rxe4 26. g3 Nxd5 27. Qd3 Rc4 28. Rxc4
bxc4 29. Qxc4 Nb6 30. Qb3 Qf5 31. Rd3 Bc8 32. Ng1 Be6 33. Qc3 Rc8 34. Rf3 Rxc3
35. Rxf5 Rd3 36. Ne3 Rxe3 37. fxe3 Bxf5 38. Nf3 Nc4 39. Bc1 Bd7 40. g4 h6 41.
Kg3 e4 42. Nd4 g5 43. Kf2 Kg7 44. Ke2 Kg6 45. Kd1 h5 0-1

[Event "9. Griesheimer Schachtage 2013"]
[Site "?"]
[Date "2013.??.??"]
[Round "3.14"]
[White "Mager, Thomas"]
[Black "Glende, Dirk"]
[Result "1/2-1/2"]
[WhiteElo "1878"]
[BlackElo "1545"]
[PlyCount "78"]

1. d4 d5 2. Bf4 Nf6 3. e3 g6 4. Bd3 Bg7 5. h3 c5 6. c3 cxd4 7. exd4 Nc6 8. Nf3
O-O 9. O-O e6 10. Na3 a6 11. Bg5 Qc7 12. Re1 b5 13. Qd2 Na5 14. b3 Nb7 15. Ne5
Nd6 16. f3 Nd7 17. Nc2 Nxe5 18. dxe5 Ne8 19. Bf4 Bd7 20. Nd4 Rc8 21. Rac1 Bh8
22. Kh1 Ng7 23. Bg5 Nf5 24. Bxf5 exf5 25. Be7 Rfe8 26. Bd6 Qd8 27. f4 Be6 28.
Qd3 Bg7 29. a4 bxa4 30. bxa4 Qa5 31. Bb4 Qxa4 32. Ra1 Qd7 33. Rxa6 Ra8 34. Rea1
Rxa6 35. Qxa6 Qc8 36. Qa5 Qc4 37. Qa4 Qc8 38. Kh2 Bd7 39. Qa5 Qb7 1/2-1/2

[Event "9. Griesheimer Schachtage 2013"]
[Site "?"]
[Date "2013.??.??"]
[Round "3.15"]
[White "Boehm, Horst"]
[Black "Haas, Vanessa"]
[Result "0-1"]
[WhiteElo "1276"]
[BlackElo "1828"]
[PlyCount "76"]

{16384kB. PentiumII
} 1. e4 d5 2. exd5 Qxd5 3. Nc3 Qa5 4. Nf3 Nf6 5. d3 c6 6.
Bd2 Qc7 7. g3 Bg4 8. Bg2 e6 9. Bf4 Qb6 10. Qd2 Nbd7 11. O-O Be7 12. Be3 Qc7 13.
Rfe1 Nd5 14. Nxd5 cxd5 15. Nd4 a6 16. f3 Bh5 17. Bg5 Bc5 18. Be3 O-O 19. Kh1
Rac8 20. c3 b5 21. Nb3 Bd6 22. f4 Nf6 23. h3 Bg6 24. Bf3 Rfd8 25. Rac1 Qb8 26.
a3 e5 27. fxe5 Bxe5 28. Bf4 Bxf4 29. Qxf4 Qxf4 30. gxf4 Bxd3 31. Re3 Bf5 32.
Kg2 d4 33. Re5 Be6 34. Nd2 dxc3 35. Ne4 cxb2 36. Re1 Rc1 37. Ng5 Rxe1 38. Rxe1
Bf5 0-1

[Event "9. Griesheimer Schachtage 2013"]
[Site "?"]
[Date "2013.??.??"]
[Round "3.16"]
[White "Auschkalnis, Reinhard"]
[Black "Breining, Anton"]
[Result "1-0"]
[WhiteElo "1807"]
[BlackElo "1342"]
[PlyCount "51"]

1. f4 d6 2. Nf3 Nc6 3. e3 g6 4. Bb5 Bd7 5. O-O a6 6. Be2 Nf6 7. b3 Bg7 8. Bb2
O-O 9. d3 d5 10. Ne5 e6 11. Nd2 Ne8 12. e4 dxe4 13. Nxe4 f6 14. Nxd7 Qxd7 15.
d4 f5 16. Nc5 Qc8 17. Bc4 Nd8 18. Qe2 Kf7 19. Rae1 Nd6 20. Bxe6+ Nxe6 21. Qxe6+
Qxe6 22. Nxe6 Rfc8 23. Nxg7 Kxg7 24. Re7+ Kh6 25. Rf3 Kh5 26. Rxh7+ 1-0

[Event "9. Griesheimer Schachtage 2013"]
[Site "?"]
[Date "2013.??.??"]
[Round "3.17"]
[White "Reichel, Rolf"]
[Black "Bethke, Robert"]
[Result "1-0"]
[WhiteElo "1787"]
[BlackElo "1053"]
[PlyCount "41"]

1. e4 c6 2. Nc3 e6 3. d4 d5 4. e5 Bb4 5. Qg4 Bxc3+ 6. bxc3 g6 7. Bd3 Qc7 8. Nf3
h5 9. Qh4 Qe7 10. Bg5 Qc7 11. O-O Ne7 12. Bf6 Rg8 13. Rfe1 a6 14. a4 b6 15. Ng5
c5 16. Nh7 Bb7 17. Bg5 Rh8 18. Nf6+ Kf8 19. Qf4 Nbc6 20. Bh6+ Rxh6 21. Qxh6#
1-0

[Event "9. Griesheimer Schachtage 2013"]
[Site "?"]
[Date "2013.??.??"]
[Round "3.18"]
[White "Gloeckner, Hank"]
[Black "Felde, Philipp"]
[Result "0-1"]
[WhiteElo "1450"]
[BlackElo "1420"]
[PlyCount "108"]

1. Nc3 g6 2. e3 Bg7 3. Nf3 d5 4. h3 c6 5. g4 Nh6 6. g5 Nf5 7. d4 Qc7 8. Ne2 Nd7
9. h4 e5 10. dxe5 Nxe5 11. Nf4 Nd6 12. Bh3 Bxh3 13. Rxh3 O-O-O 14. a4 Ndc4 15.
c3 Rhe8 16. Qc2 Nxf3+ 17. Rxf3 Ne5 18. Rh3 Nc4 19. Ne2 Qd7 20. Rg3 Be5 21. f4
Bc7 22. b3 Nd6 23. Qd3 Nf5 24. Rh3 Re4 25. Bd2 Rde8 26. O-O-O Nd4 27. exd4 Rxe2
28. Re3 R2xe3 29. Bxe3 Qg4 30. Rf1 Qh3 31. Kd2 Rxe3 32. Qxe3 Qxf1 33. Qe8+ Bd8
34. Qxf7 Qf2+ 35. Kd3 Qf3+ 36. Kd2 Qe4 37. Qf8 Qf5 38. Qxf5+ gxf5 39. h5 Kd7
40. b4 Ke6 41. Ke3 b6 42. Kf3 Be7 43. Kg3 Bd6 44. Kf3 c5 45. dxc5 bxc5 46. b5
Bc7 47. h6 Kf7 48. Ke3 d4+ 49. cxd4 cxd4+ 50. Kxd4 Bxf4 51. a5 Bh2 52. b6 Bg1+
53. Ke5 Kg6 54. Kf4 Bxb6 0-1

[Event "9. Griesheimer Schachtage 2013"]
[Site "?"]
[Date "2013.??.??"]
[Round "3.19"]
[White "Puzzo, Peter"]
[Black "Schellen, Sven"]
[Result "0-1"]
[WhiteElo "1720"]
[BlackElo "1802"]
[PlyCount "51"]

1. e4 Nf6 2. Nc3 d5 3. exd5 Bg4 4. Be2 Bxe2 5. Qxe2 Nxd5 6. Nxd5 Qxd5 7. Nf3
Nc6 8. O-O O-O-O 9. d3 h6 10. Bd2 g5 11. Bc3 f6 12. Nd2 Nd4 13. Bxd4 Qxd4 14.
Nc4 e5 15. Qf3 Be7 16. b4 g4 17. Qf5+ Qd7 18. Qe4 Qe6 19. Na5 c6 20. b5 Rd4 21.
Qe2 Ra4 22. Nb3 cxb5 23. d4 e4 24. Qxb5 Rb4 25. Qa5 Kb8 26. Nc5 0-1

[Event "9. Griesheimer Schachtage 2013"]
[Site "?"]
[Date "2013.??.??"]
[Round "3.20"]
[White "Urbach, Jens"]
[Black "Sljivac, Zeljko-Mario"]
[Result "1-0"]
[WhiteElo "1606"]
[BlackElo "1426"]
[PlyCount "129"]

1. e4 c5 2. c3 d6 3. Nf3 Nf6 4. d3 Nc6 5. Be2 e6 6. O-O Be7 7. c4 O-O 8. Nc3 a6
9. d4 cxd4 10. Nxd4 Qc7 11. Nf3 Rd8 12. Qc2 Nb4 13. Qb3 Nc6 14. Be3 Nd7 15. Qc2
Nce5 16. Nxe5 Nxe5 17. Qb3 Nd7 18. Rfc1 Nc5 19. Qc2 b6 20. b4 Nd7 21. a4 Bf6
22. Ra2 Bb7 23. Bd3 Ne5 24. Ne2 Rac8 25. f4 Nxd3 26. Qxd3 Qc6 27. Ng3 Qc7 28.
b5 a5 29. Rac2 Rd7 30. Qe2 Qd8 31. Qf2 Qe8 32. Bxb6 Bd8 33. Be3 Qe7 34. c5 dxc5
35. Bxc5 Qe8 36. f5 e5 37. Kh1 Bg5 38. Rf1 Rdc7 39. f6 Bh4 40. fxg7 Bxg3 41.
hxg3 Bxe4 42. Rc3 f5 43. g4 Rxg7 44. Qa2+ Kh8 45. Qe2 Qg6 46. Rf2 Qxg4 47. Qxg4
Rxg4 48. b6 Rcg8 49. Kh2 Rxg2+ 50. Rxg2 Rxg2+ 51. Kh3 Rg6 52. Rb3 Rh6+ 53. Kg3
f4+ 54. Kf2 Bb7 55. Rb5 Rh2+ 56. Kg1 Rh1+ 57. Kf2 Rd1 58. Rxa5 e4 59. Ra7 e3+
60. Ke2 Rd2+ 61. Ke1 Rd7 62. a5 f3 63. Bxe3 Kg8 64. a6 Rg7 65. axb7 1-0

[Event "9. Griesheimer Schachtage 2013"]
[Site "?"]
[Date "2013.??.??"]
[Round "3.21"]
[White "Troeger, Beate"]
[Black "Berger, Achim"]
[Result "1-0"]
[WhiteElo "1354"]
[BlackElo "1587"]
[PlyCount "69"]

1. f4 Nf6 2. Nf3 g6 3. Nc3 Bg7 4. b3 O-O 5. Bb2 d6 6. g3 Bg4 7. Bg2 Ne4 8. O-O
c6 9. e3 b5 10. Nxe4 Bxb2 11. Rb1 Bg7 12. Nf2 Bxf3 13. Qxf3 Qa5 14. Nd3 Qxd2
15. Rf2 Qa5 16. c4 bxc4 17. bxc4 Qc7 18. Nb4 Rc8 19. Nd3 Nd7 20. Bh3 e6 21.
Rbf1 f5 22. Rg2 Nf6 23. g4 Ne4 24. gxf5 exf5 25. Ne1 Qa5 26. Qe2 Rab8 27. Nf3
Rb2 28. Qd3 Rxg2+ 29. Bxg2 Qxa2 30. h3 Rb8 31. Ng5 Rb2 32. Bxe4 fxe4 33. Qxe4
Rb7 34. Qe6+ Kh8 35. Qc8+ 1-0

[Event "9. Griesheimer Schachtage 2013"]
[Site "?"]
[Date "2013.??.??"]
[Round "3.22"]
[White "Lehmann, Gerrit"]
[Black "Henkelmann, Frank"]
[Result "1-0"]
[WhiteElo "1491"]
[BlackElo "1251"]
[PlyCount "81"]

{16384kB. PentiumII
} 1. d4 e6 2. Nf3 d5 3. Bf4 c5 4. c3 Nc6 5. e3 c4 6. Nbd2
Bd6 7. Bxd6 Qxd6 8. b3 b5 9. a4 Ba6 10. axb5 Bxb5 11. bxc4 dxc4 12. Bxc4 Rb8
13. Bxb5 Rxb5 14. Qa4 Qb8 15. O-O Nge7 16. Rfb1 Rb6 17. Ne5 Qb7 18. Rxb6 axb6
19. Nxc6 Nxc6 20. Qa8+ Qxa8 21. Rxa8+ Nd8 22. Rb8 Kd7 23. Rxb6 Nc6 24. Rb7+ Kd6
25. Rxf7 g6 26. c4 Na5 27. c5+ Kc6 28. Ne4 h5 29. Rf6 Kd5 30. Ng5 Rb8 31. g3
Nc4 32. Rxe6 Na3 33. Ra6 Kc4 34. Rb6 Ra8 35. Ne6 Kd3 36. c6 Ke2 37. Kg2 Nc4 38.
Rb4 Nd6 39. c7 Nf7 40. Rb8 Ra2 41. c8=Q 1-0

[Event "9. Griesheimer Schachtage 2013"]
[Site "?"]
[Date "2013.??.??"]
[Round "3.23"]
[White "Viol, Julius"]
[Black "Peteani, Damien"]
[Result "0-1"]
[WhiteElo "1233"]
[BlackElo "1438"]
[PlyCount "82"]

1. Nc3 Nf6 2. Nf3 e6 3. d4 d5 4. e3 Nbd7 5. a3 c5 6. g3 b6 7. Bg2 Ba6 8. Bd2
Bd6 9. h3 O-O 10. Ne2 c4 11. c3 Nb8 12. Qc2 Qc8 13. O-O Nc6 14. Nc1 Na5 15. Re1
Qc6 16. a4 Rab8 17. b4 cxb3 18. Nxb3 Nxb3 19. Qxb3 Bc4 20. Qb2 b5 21. a5 a6 22.
Ng5 h6 23. Nf3 Rb7 24. Rec1 Rfb8 25. Ne1 b4 26. Nc2 bxc3 27. Qxc3 Rb3 28. Bf1
Rxc3 29. Bxc3 Bxf1 30. Kxf1 Qxc3 31. Ke2 Rb2 32. Kf3 Rxc2 33. Rxc2 Qxc2 34. Re1
Ne4 35. h4 Qxf2+ 36. Kg4 Qxe1 37. Kf3 Qxg3+ 38. Ke2 Qxh4 39. Kf3 Qe1 40. Kg2
Qg3+ 41. Kh1 Nf2# 0-1

[Event "9. Griesheimer Schachtage 2013"]
[Site "?"]
[Date "2013.??.??"]
[Round "4.1"]
[White "Bahlke, Wolfgang"]
[Black "Walter, Stefan"]
[Result "0-1"]
[WhiteElo "2141"]
[BlackElo "2330"]
[PlyCount "26"]

1. d4 Nf6 2. Nf3 e6 3. e3 c5 4. c3 b6 5. Bd3 Bb7 6. Nbd2 Nc6 7. O-O d5 8. a3
Bd6 9. e4 cxd4 10. cxd4 dxe4 11. Nxe4 Be7 12. Bg5 Nxe4 13. Bxe7 Nxe7 0-1

[Event "9. Griesheimer Schachtage 2013"]
[Site "?"]
[Date "2013.??.??"]
[Round "4.2"]
[White "Gramlich, Sebastian"]
[Black "Sarkoezy, Benjamin"]
[Result "1/2-1/2"]
[WhiteElo "2235"]
[BlackElo "2136"]
[PlyCount "22"]

1. b3 c5 2. Bb2 Nc6 3. e4 e5 4. Nf3 d6 5. Bb5 Nge7 6. O-O g6 7. Re1 Bg7 8. c3
O-O 9. d4 exd4 10. cxd4 Bg4 11. Bxc6 Nxc6 1/2-1/2

[Event "9. Griesheimer Schachtage 2013"]
[Site "?"]
[Date "2013.??.??"]
[Round "4.3"]
[White "Daechert, Peter"]
[Black "Fichtner, Ewald"]
[Result "1/2-1/2"]
[WhiteElo "2031"]
[BlackElo "2026"]
[PlyCount "175"]

1. b3 d5 2. Bb2 Nf6 3. e3 c6 4. f4 Bg4 5. Be2 Bxe2 6. Qxe2 e6 7. Nf3 a5 8. a4
Be7 9. O-O O-O 10. d3 Qb6 11. Nbd2 Bc5 12. Nd4 Nbd7 13. Kh1 Rae8 14. Rae1 Qc7
15. Rf3 Bxd4 16. Bxd4 e5 17. fxe5 Nxe5 18. Rg3 c5 19. Bb2 d4 20. e4 Ng6 21. Rf1
Nd7 22. Rf5 Re5 23. Nf3 Rxf5 24. exf5 Nf4 25. Qe7 Qd8 26. Qd6 Ne2 27. Rg5 Nf6
28. Qxc5 h6 29. Rg3 Nxg3+ 30. hxg3 Qb8 31. Bxd4 Rc8 32. Qxa5 Rxc2 33. Be5 Rc1+
34. Ng1 Qc8 35. Bxf6 gxf6 36. Qd2 Kg7 37. Kh2 Rc5 38. g4 Qc6 39. Ne2 Qc7+ 40.
Kh3 Re5 41. Nf4 Qe7 42. Qc3 Re3+ 43. g3 Qe5 44. Qc4 Re1 45. Nh5+ Kf8 46. Qc8+
Qe8 47. Qxb7 Re7 48. Qa6 Re1 49. Qd6+ Qe7 50. Qb8+ Qe8 51. Qxe8+ Rxe8 52. Nxf6
Re3 53. Nd7+ Ke7 54. Nc5 Kd6 55. b4 Re1 56. Kg2 Rb1 57. Ne4+ Ke5 58. b5 Rb4 59.
Kf3 Rxa4 60. b6 Rb4 61. Nc5 Kd5 62. Nd7 Kd6 63. Nf6 Rxb6 64. Nh5 Ke5 65. Ke3
Rb1 66. d4+ Kd6 67. Nf4 Rb3+ 68. Kf2 Kc6 69. Kg2 Kb5 70. Kh3 Rb2 71. Nd3 Rd2
72. Ne5 f6 73. Nd7 Kc4 74. Nxf6 Kxd4 75. Ng8 Rd1 76. f6 Ke5 77. f7 Rd8 78. g5
hxg5 79. Kg4 Rf8 80. Nh6 Kf6 81. Kh5 Rh8 82. g4 Kg7 83. Kxg5 Ra8 84. Kh5 Ra5+
85. g5 Ra6 86. Kg4 Ra4+ 87. Kh5 Ra6 88. Kg4 1/2-1/2

[Event "9. Griesheimer Schachtage 2013"]
[Site "?"]
[Date "2013.??.??"]
[Round "4.4"]
[White "Roediger, Thomas"]
[Black "Rosenberger, Frank"]
[Result "1/2-1/2"]
[WhiteElo "2100"]
[BlackElo "2143"]
[PlyCount "43"]

{16384kB. PentiumII
} 1. d4 d5 2. c4 e6 3. Nc3 c6 4. e3 Nf6 5. Nf3 Nbd7 6. Be2
Bd6 7. O-O O-O 8. b3 b6 9. Bb2 Bb7 10. Rc1 Qe7 11. Bd3 Rfe8 12. Re1 dxc4 13.
Bxc4 Rad8 14. Qc2 a6 15. Rcd1 b5 16. Bd3 c5 17. Ne4 Nxe4 18. Bxe4 Bxe4 19. Qxe4
Nf6 20. Qc6 cxd4 21. Nxd4 Bb4 22. Rf1 1/2-1/2

[Event "9. Griesheimer Schachtage 2013"]
[Site "?"]
[Date "2013.??.??"]
[Round "4.5"]
[White "Schmitt, Roland"]
[Black "Leiter, Thomas"]
[Result "0-1"]
[WhiteElo "1934"]
[BlackElo "2226"]
[PlyCount "68"]

1. d4 Nf6 2. c4 g6 3. Nc3 Bg7 4. e4 O-O 5. Nf3 d6 6. Be2 e5 7. O-O Nc6 8. d5
Ne7 9. Ne1 Nd7 10. Nd3 f5 11. f3 f4 12. Bd2 g5 13. c5 Rf6 14. g4 h5 15. h3 Rh6
16. Kg2 Nf6 17. Rc1 Ng6 18. Rh1 Bf8 19. cxd6 cxd6 20. Nf2 Nh4+ 21. Kf1 Rh7 22.
Nb5 a6 23. Na3 b5 24. Qb3 Bb7 25. Nc2 Rc8 26. Nb4 Rxc1+ 27. Bxc1 Rc7 28. Bd2
Kg7 29. Nbd3 Qa8 30. Bc3 Nxd5 31. Bd2 Ne3+ 32. Bxe3 fxe3 33. Nd1 Bxe4 34. Nxe3
Bxf3 0-1

[Event "9. Griesheimer Schachtage 2013"]
[Site "?"]
[Date "2013.??.??"]
[Round "4.6"]
[White "Dr. Launert, Martin"]
[Black "Schmitt, Christian"]
[Result "0-1"]
[WhiteElo "1887"]
[BlackElo "2183"]
[PlyCount "70"]

1. e4 e6 2. d4 d5 3. exd5 exd5 4. Bd3 Nc6 5. c3 Qf6 6. Qf3 Bd6 7. Qxd5 Nge7 8.
Qf3 Qe6+ 9. Ne2 f5 10. Bf4 Bd7 11. Nd2 O-O-O 12. Bxd6 Qxd6 13. O-O-O g5 14. h4
h6 15. hxg5 hxg5 16. Nc4 Qf6 17. Qe3 Nd5 18. Qd2 f4 19. Be4 Be6 20. Qd3 Kb8 21.
Kb1 Rxh1 22. Rxh1 Rh8 23. Rxh8+ Qxh8 24. g3 Qh2 25. gxf4 gxf4 26. Qf3 Nce7 27.
Ne5 c6 28. c4 Nf6 29. Qg2 Qh6 30. f3 Qh4 31. Kc2 Qe1 32. Nxf4 Bf5 33. Bxf5 Nxf5
34. Nd7+ Nxd7 35. Qg8+ Kc7 0-1

[Event "9. Griesheimer Schachtage 2013"]
[Site "?"]
[Date "2013.??.??"]
[Round "4.7"]
[White "Tierling, Detlef"]
[Black "Auschkalnis, Reinhard"]
[Result "0-1"]
[WhiteElo "2033"]
[BlackElo "1807"]
[PlyCount "156"]

1. e4 c5 2. c4 Nc6 3. Nc3 g6 4. Nf3 Bg7 5. d3 d6 6. h3 e6 7. Be3 e5 8. g4 h6 9.
Rb1 Nge7 10. Rg1 Nd4 11. a3 Be6 12. Bxd4 exd4 13. Ne2 Nc6 14. Qd2 Ne5 15. Nxe5
dxe5 16. Bg2 h5 17. g5 Qd7 18. Rh1 Bf8 19. h4 Bd6 20. b4 O-O 21. f4 cxb4 22.
axb4 exf4 23. Nxf4 Qc7 24. Ne2 a5 25. bxa5 Bg3+ 26. Kd1 Bg4 27. Bh3 Bf3 28. Rf1
Bxe2+ 29. Kxe2 Bxh4 30. Kd1 Rxa5 31. Rxb7 Qxb7 32. Qxa5 Ra8 33. Qb5 Qc7 34. Qd5
Ra1+ 35. Kc2 Qh2+ 36. Kb3 Qa2+ 37. Kb4 Qa3+ 38. Kb5 Qa6+ 39. Kb4 Qa4+ 40. Kc5
Qa7+ 41. Kb4 Rxf1 42. Bxf1 Qe7+ 43. c5 Bxg5 44. Qxd4 Bd2+ 45. Kc4 Qb7 46. Qd8+
Kh7 47. Qe8 Qb4+ 48. Kd5 Kg7 49. Qe5+ Kg8 50. Qe8+ Kg7 51. d4 Be3 52. Bc4 Qc3
53. Qe5+ Kh6 54. c6 Qa5+ 55. Kd6 Qd8+ 56. Kc5 Qa5+ 57. Bb5 Qa7+ 58. Kd5 Qa2+
59. Kd6 Qa1 60. Qh8+ Kg5 61. Qd8+ f6 62. d5 Qe5+ 63. Kd7 Qxe4 64. Kc8 Qb4 65.
Ba6 Bf4 66. Bb7 h4 67. Kd7 h3 68. Ke6 Qe1+ 69. Kf7 Qe5 70. c7 Qxc7+ 71. Qxc7
Bxc7 72. Ke6 h2 73. d6 Bxd6 74. Kxd6 Kf4 75. Ke6 f5 76. Kf6 g5 77. Kg6 Kg4 78.
Bh1 f4 0-1

[Event "9. Griesheimer Schachtage 2013"]
[Site "?"]
[Date "2013.??.??"]
[Round "4.8"]
[White "Hoeck, Raimund"]
[Black "Reichel, Rolf"]
[Result "1-0"]
[WhiteElo "2004"]
[BlackElo "1787"]
[PlyCount "93"]

{16384kB. PentiumII
} 1. d4 d5 2. Nf3 c6 3. e3 Nf6 4. c4 Bg4 5. Qb3 Qb6 6. Ne5
Bf5 7. c5 Qxb3 8. axb3 Ng4 9. Nxg4 Bxg4 10. Nc3 e5 11. b4 Be7 12. dxe5 f6 13.
exf6 Bxf6 14. Bd3 Nd7 15. f4 Bxc3+ 16. bxc3 O-O 17. O-O b6 18. cxb6 axb6 19.
Bd2 Nf6 20. h3 Bd7 21. Rfd1 Ne4 22. Be1 Nf6 23. Bh4 b5 24. Bxf6 gxf6 25. f5 Ra4
26. Rxa4 bxa4 27. Ra1 Ra8 28. Ra3 Kf7 29. Kf2 Ke7 30. Kf3 Kd6 31. Kf4 c5 32.
bxc5+ Kxc5 33. g4 Rb8 34. Bc2 Ra8 35. g5 fxg5+ 36. Kxg5 Ra6 37. f6 h6+ 38. Kg6
Be8+ 39. Kg7 Kd6 40. Kxh6 Ke5 41. Kg5 Rxf6 42. h4 Rf3 43. Kg4 Rxe3 44. h5 Bd7+
45. Kg5 Rg3+ 46. Kh6 d4 47. cxd4+ 1-0

[Event "9. Griesheimer Schachtage 2013"]
[Site "?"]
[Date "2013.??.??"]
[Round "4.9"]
[White "Haas, Vanessa"]
[Black "Neuner, Johannes"]
[Result "1/2-1/2"]
[WhiteElo "1828"]
[BlackElo "2004"]
[PlyCount "35"]

1. e4 c6 2. d4 d5 3. e5 Bf5 4. Bd3 Bxd3 5. Qxd3 e6 6. Ne2 Qb6 7. O-O c5 8. c3
Nc6 9. a3 cxd4 10. cxd4 Nge7 11. b4 Nf5 12. Be3 h5 13. Nbc3 h4 14. Nxd5 Qd8 15.
Ndc3 Qd7 16. Rfd1 Be7 17. Qe4 O-O 18. d5 1/2-1/2

[Event "9. Griesheimer Schachtage 2013"]
[Site "?"]
[Date "2013.??.??"]
[Round "4.10"]
[White "Renger, Juergen"]
[Black "Hornung, Thomas"]
[Result "0-1"]
[WhiteElo "1618"]
[BlackElo "1946"]
[PlyCount "44"]

1. d4 d5 2. c4 dxc4 3. Nf3 Nf6 4. e3 e6 5. Bxc4 c5 6. O-O a6 7. dxc5 Bxc5 8.
Qxd8+ Kxd8 9. Ne5 Ke7 10. Nc3 b5 11. Be2 Bd6 12. Nf3 Bb7 13. a3 Nbd7 14. b4
Rac8 15. Bb2 Nb6 16. Rac1 Nc4 17. Ba1 Nxa3 18. Nd4 Bxb4 19. Na2 Bd6 20. f4 Bd5
21. Nc3 Bc4 22. g4 Bxe2 0-1

[Event "9. Griesheimer Schachtage 2013"]
[Site "?"]
[Date "2013.??.??"]
[Round "4.11"]
[White "Gutacker, Stephan"]
[Black "Saluvar, Buelent"]
[Result "1-0"]
[WhiteElo "1965"]
[BlackElo "1555"]
[PlyCount "63"]

1. e4 e6 2. d4 d5 3. Nd2 Nf6 4. e5 Nfd7 5. Bd3 c5 6. c3 Nc6 7. Ne2 c4 8. Bc2 b5
9. O-O a5 10. a3 Rb8 11. Nf3 Be7 12. Be3 f6 13. exf6 Bxf6 14. Ng3 Qe7 15. Bf4
Rb7 16. Nf5 exf5 17. Re1 Nde5 18. dxe5 Bh4 19. Qxd5 Qe6 20. Qxe6+ Bxe6 21. Nxh4
g6 22. Rad1 Kf7 23. Bg5 Ne7 24. Bf6 Rg8 25. Nf3 h6 26. Bxe7 Kxe7 27. Rd6 b4 28.
axb4 axb4 29. Ba4 bxc3 30. bxc3 Ra7 31. Bb5 Rb8 32. Nd4 1-0

[Event "9. Griesheimer Schachtage 2013"]
[Site "?"]
[Date "2013.??.??"]
[Round "4.12"]
[White "Glende, Dirk"]
[Black "Dankesreiter, Arne"]
[Result "0-1"]
[WhiteElo "1545"]
[BlackElo "1971"]
[PlyCount "50"]

1. d4 Nf6 2. c4 g6 3. Nf3 Bg7 4. Nc3 d5 5. cxd5 Nxd5 6. e4 Nxc3 7. bxc3 c5 8.
Bb5+ Bd7 9. Bxd7+ Nxd7 10. O-O O-O 11. Be3 Qa5 12. Qd2 Rfd8 13. e5 Nxe5 14.
Nxe5 Bxe5 15. Qb2 cxd4 16. cxd4 Bf6 17. Qxb7 Rab8 18. Qf3 Rb2 19. a4 Bxd4 20.
Bxd4 Rxd4 21. Qc6 e6 22. g3 Rdd2 23. h4 Qf5 24. Qa8+ Kg7 25. Qxa7 Qf3 0-1

[Event "9. Griesheimer Schachtage 2013"]
[Site "?"]
[Date "????.??.??"]
[Round "4.13"]
[White "Hartmann, Marc H."]
[Black "Mager, Thomas"]
[Result "1-0"]
[WhiteElo "1787"]
[BlackElo "1878"]
[PlyCount "71"]

{16384kB. PentiumII
} 1. e4 e6 2. d4 d5 3. Nc3 Bb4 4. e5 c5 5. Bd2 cxd4 6. Nb5
Bc5 7. Qg4 Ne7 8. Nf3 Ng6 9. Bd3 Nc6 10. Bxg6 hxg6 11. O-O-O Qb6 12. Nd6+ Bxd6
13. exd6 Bd7 14. Bg5 Rc8 15. Nxd4 e5 16. Qe2 Nxd4 17. Qxe5+ Ne6 18. Rhe1 O-O
19. Be7 Rfe8 20. Rxd5 Qxf2 21. Rd2 Qc5 22. Qe4 Rc6 23. Kb1 Rec8 24. c3 Qf5 25.
Qxf5 gxf5 26. Rf1 Nc5 27. h4 Ne4 28. Rd3 Rb6 29. Rc1 Rcc6 30. h5 Nc5 31. Rd4
Ne6 32. Rh4 Ra6 33. h6 Kh7 34. hxg7+ Kxg7 35. Rch1 f4 36. Rg4+ 1-0

[Event "9. Griesheimer Schachtage 2013"]
[Site "?"]
[Date "2013.??.??"]
[Round "4.14"]
[White "Felde, Philipp"]
[Black "Pabel, Ralph"]
[Result "1/2-1/2"]
[WhiteElo "1420"]
[BlackElo "1927"]
[PlyCount "70"]

1. d4 c5 2. Nf3 Nf6 3. c4 cxd4 4. Nxd4 b6 5. Nc3 g6 6. e4 d6 7. Bd3 Bg7 8. O-O
O-O 9. f3 Bb7 10. Be3 Nbd7 11. Rc1 Ne5 12. Be2 Rc8 13. b3 Qd7 14. Nd5 Rfd8 15.
Nxf6+ Bxf6 16. Nb5 Ba8 17. Qd2 Nc6 18. Rfd1 Nb8 19. Bf4 Nc6 20. Bg5 Bg7 21. Bh6
Bf6 22. Bg5 Bg7 23. Bh6 Bh8 24. Be3 Nb8 25. Bd4 Bxd4+ 26. Qxd4 Bc6 27. Nc3 Bb7
28. Qe3 Nc6 29. Nd5 Kg7 30. Qc3+ f6 31. Qd2 Ne5 32. f4 Nf7 33. Bf3 h6 34. Qe2
Ra8 35. Ne3 Qe6 1/2-1/2

[Event "9. Griesheimer Schachtage 2013"]
[Site "?"]
[Date "2013.??.??"]
[Round "4.15"]
[White "Ehmsen, Eckard"]
[Black "Troeger, Beate"]
[Result "1/2-1/2"]
[WhiteElo "1979"]
[BlackElo "1354"]
[PlyCount "77"]

1. c4 d6 2. Nc3 g6 3. d4 Bg7 4. Nf3 Nf6 5. g3 Nbd7 6. Bg2 O-O 7. O-O Re8 8. e4
e5 9. d5 Nc5 10. Re1 Bd7 11. b4 Na6 12. Rb1 c5 13. a3 cxb4 14. axb4 Qc7 15. Nd2
Rab8 16. Bf1 h5 17. b5 Nc5 18. Nb3 Nxb3 19. Qxb3 b6 20. Nd1 Ng4 21. h3 Nh6 22.
f3 f5 23. Rb2 Nf7 24. Ra2 Bh6 25. Bxh6 Nxh6 26. Qe3 Kg7 27. Kh2 Rb7 28. Be2 Rf8
29. Rg1 f4 30. Qf2 Qc8 31. Qg2 Qe8 32. gxf4 Rxf4 33. Qg5 Qf7 34. Nf2 Kh7 35.
Nd3 Qf6 36. Qxf6 Rxf6 37. Rga1 a5 38. bxa6 Ra7 39. Rb1 1/2-1/2

[Event "9. Griesheimer Schachtage 2013"]
[Site "?"]
[Date "2013.??.??"]
[Round "4.16"]
[White "Schellen, Sven"]
[Black "Winter, Thomas"]
[Result "1-0"]
[WhiteElo "1802"]
[BlackElo "1093"]
[PlyCount "65"]

1. d4 d5 2. c4 c6 3. cxd5 cxd5 4. Nf3 Nf6 5. Nc3 Nc6 6. a3 e6 7. e3 a6 8. Bd3
Be7 9. Bd2 O-O 10. O-O b5 11. b4 Bb7 12. Be1 Qc7 13. Rc1 Rac8 14. Nd2 Rfd8 15.
Nb3 e5 16. Bf5 Rb8 17. dxe5 Qxe5 18. Bh3 Bc8 19. Bxc8 Rbxc8 20. Ne2 Ng4 21. Ng3
Qe6 22. Rxc6 Rxc6 23. Nd4 Qh6 24. Qxg4 Rg6 25. Qe2 Qg5 26. Bd2 Qf6 27. Rc1 Qb6
28. Ndf5 Bg5 29. h4 Bf6 30. h5 Rg5 31. f4 Rxh5 32. Qxh5 g6 33. Qg4 1-0

[Event "9. Griesheimer Schachtage 2013"]
[Site "?"]
[Date "2013.??.??"]
[Round "4.17"]
[White "Lehmann, Gerit"]
[Black "Urbach, Jens"]
[Result "1/2-1/2"]
[WhiteElo "1491"]
[BlackElo "1606"]
[PlyCount "98"]

1. d4 Nf6 2. Nf3 d5 3. h3 e6 4. Bf4 Bd6 5. Bxd6 Qxd6 6. c3 O-O 7. e3 c5 8. b3
cxd4 9. cxd4 Ne4 10. Nbd2 Qb4 11. a3 Qd6 12. Bd3 Nxd2 13. Qxd2 g6 14. h4 Nd7
15. h5 e5 16. Nxe5 Nxe5 17. dxe5 Qxe5 18. Rc1 Bf5 19. Bxf5 Qxf5 20. h6 Rac8 21.
O-O Qg5 22. Rxc8 Rxc8 23. Rc1 Rxc1+ 24. Qxc1 Qxh6 25. Qc8+ Qf8 26. Qxb7 Qxa3
27. Qxd5 Qa1+ 28. Kh2 a5 29. Qd8+ Kg7 30. Qd4+ Qxd4 31. exd4 f5 32. Kg3 Kf6 33.
Kf4 h6 34. Ke3 Ke6 35. f4 Kd5 36. Kd3 g5 37. g4 fxg4 38. f5 g3 39. Ke2 g2 40.
Kf2 g1=Q+ 41. Kxg1 Kd6 42. Kf2 Kd5 43. Ke3 h5 44. Kf3 h4 45. Kg4 Kd6 46. Kh3
Kd5 47. Kg4 Kd6 48. Kh3 Kd5 49. Kg4 Kd6 1/2-1/2